[Event "Sydney NSW op"]
[Site "Sydney"]
[Date "2023.06.12"]
[Round "7"]
[White "Li, Hui"]
[Black "Bayaca, Sterling"]
[Result "1/2-1/2"]
[WhiteElo "1986"]
[BlackElo "2106"]
[PlyCount "100"]
[EventDate "2023.06.10"]
[EventType "swiss"]
[EventRounds "7"]
[EventCountry "AUS"]
[SourceTitle "CBM 214 Extra"]
[Source "ChessBase"]
[SourceDate "2023.07.31"]
[SourceVersion "1"]
[SourceVersionDate "2023.07.31"]
[SourceQuality "1"]

1. e4 e5 2. Nf3 Nc6 3. Bb5 a6 4. Ba4 Nf6 5. 0-0 Be7 6. Re1 b5 7. Bb3 d6 8. c3 0-0 9. h3 Nb8 10. d4 Nbd7 11. Nbd2 Bb7 12. Bc2 Re8 13. Nf1 Bf8 14. Ng3 g6 15. a4 c5 16. d5 c4 17. Bg5 Be7 18. Qd2 Nc5 19. Bh6 Rb8 20. axb5 axb5 21. Nf5 Bf8 22. Bxf8 Rxf8 23. Nh6+ Kh8 24. Nh2 Nh5 25. g3 Bc8 26. Ra7 Bd7 27. N6g4 f5 28. exf5 gxf5 29. Qh6 Nf6 30. Bxf5 Rb7 31. Rxb7 Nxb7 32. Bxd7 Nxd7 33. Ne3 Rf6 34. Qh5 Nbc5 35. Nhg4 Rf8 36. Qh6 Nd3 37. Re2 N7c5 38. Nc2 Rf7 39. Ne1 Nb3 40. Qe6 Qf8 41. Ng2 h5 42. Nh4 Qg7 43. Nh6 Rf6 44. Qe8+ Kh7 45. N6f5 Qg5 46. Qe7+ Kg8 47. Qd8+ Kh7 48. Qe7+ Kg8 49. Qd8+ Kh7 50. Qe7+ Kg8 1/2-1/2

[Event "Sydney NSW op"]
[Site "Sydney"]
[Date "2023.06.11"]
[Round "4"]
[White "Asaka, Samuel"]
[Black "Bayaca, Sterling"]
[Result "1/2-1/2"]
[WhiteElo "2201"]
[BlackElo "2106"]
[PlyCount "107"]
[EventDate "2023.06.10"]
[EventType "swiss"]
[EventRounds "7"]
[EventCountry "AUS"]
[SourceTitle "CBM 214 Extra"]
[Source "ChessBase"]
[SourceDate "2023.07.31"]
[SourceVersion "1"]
[SourceVersionDate "2023.07.31"]
[SourceQuality "1"]

1. d4 d5 2. c4 c6 3. Nf3 Nf6 4. e3 e6 5. b3 Ne4 6. Bd3 f5 7. 0-0 Bd6 8. Ba3 0-0 9. Bxd6 Qxd6 10. Qc2 Nd7 11. Nc3 Rf6 12. Ne2 Rh6 13. Qb2 Ndf6 14. Ne5 Bd7 15. f3 Ng5 16. a4 Nf7 17. h3 Be8 18. b4 Nd7 19. Nxf7 Bxf7 20. cxd5 Qxd5 21. Rac1 Rf6 22. Rfd1 e5 23. Bxf5 Rxf5 24. e4 Qb3 25. Qxb3 Bxb3 26. exf5 Bxd1 27. Rxd1 exd4 28. Rxd4 Nb6 29. Nf4 a5 30. bxa5 Rxa5 31. Rd8+ Kf7 32. Rb8 Ra7 33. Ne6 Nxa4 34. g4 g6 35. Nd8+ Kf6 36. fxg6 hxg6 37. Rxb7 Rxb7 38. Nxb7 c5 39. f4 c4 40. Kf2 c3 41. Ke2 c2 42. Kd2 Nc3 43. Nc5 c1Q+ 44. Kxc1 Ne2+ 45. Kd2 Nxf4 46. Ne4+ Ke5 47. Ng5 Kf6 48. Ne4+ Ke5 49. Ng5 Kf6 50. h4 Ng2 51. Nf3 Nxh4 52. Nxh4 Kg5 53. Nxg6 Kxg4 54. Ke1 1/2-1/2

[Event "Titled Tuesday intern op 16th May Early"]
[Site "Chess.com INT"]
[Date "2023.05.16"]
[Round "8"]
[White "Menahem, Adi"]
[Black "Bayaca, Sterling"]
[Result "0-1"]
[WhiteElo "2136"]
[BlackElo "2106"]
[PlyCount "116"]
[EventDate "2023.05.16"]
[EventType "swiss (blitz)"]
[EventRounds "11"]
[EventCountry "USA"]
[SourceTitle "CBM 214 Extra"]
[Source "ChessBase"]
[SourceDate "2023.07.31"]
[SourceVersion "1"]
[SourceVersionDate "2023.07.31"]
[SourceQuality "1"]

1. c4 Nf6 2. Nc3 c5 3. e4 d6 4. d3 g6 5. g3 Bg7 6. Bg2 0-0 7. Nge2 Nc6 8. 0-0 Rb8 9. f4 a6 10. h3 Ne8 11. a4 Nc7 12. Be3 b5 13. axb5 axb5 14. b3 bxc4 15. bxc4 Ne6 16. Rb1 Rxb1 17. Qxb1 Ned4 18. Qa2 Bd7 19. Kh2 Qa8 20. Ra1 Qxa2 21. Rxa2 Nb4 22. Ra7 Rd8 23. Bxd4 cxd4 24. Nd5 Nxd5 25. exd5 Bf5 26. Ra3 Rb8 27. Kg1 Rb1+ 28. Kf2 Rd1 29. Be4 Bxe4 30. dxe4 d3 31. Nc3 Bd4+ 32. Kf3 Rd2 33. g4 Kg7 34. Nb5 Bc5 35. Ra1 Rf2+ 36. Kg3 d2 37. Rd1 Re2 38. Nc3 Re3+ 39. Kf2 Rxc3+ 40. Ke2 Rxc4 41. Rxd2 Rxe4+ 42. Kf3 Re3+ 43. Kg2 Rc3 44. Rd1 Rc4 45. Rd2 Rxf4 46. Rd1 Rd4 47. Rxd4 Bxd4 48. Kf3 Bf6 49. Ke4 h6 50. Kf3 Kf8 51. Ke4 Ke8 52. Kd3 Kd7 53. Kc4 e6 54. Kb5 exd5 55. Kb4 Ke6 56. Kb3 Bh4 57. Kc2 g5 58. Kd3 f5 0-1

[Event "Titled Tuesday intern op 09th May Late"]
[Site "Chess.com INT"]
[Date "2023.05.09"]
[Round "4"]
[White "Bayaca, Sterling"]
[Black "Lewicki, Miroslaw"]
[Result "0-1"]
[WhiteElo "2106"]
[BlackElo "2359"]
[PlyCount "68"]
[EventDate "2023.05.09"]
[EventType "swiss (blitz)"]
[EventRounds "11"]
[EventCountry "USA"]
[SourceTitle "CBM 214 Extra"]
[Source "ChessBase"]
[SourceDate "2023.07.31"]
[SourceVersion "1"]
[SourceVersionDate "2023.07.31"]
[SourceQuality "1"]

1. Nf3 Nf6 2. c4 c5 3. g3 g6 4. Bg2 Bg7 5. 0-0 0-0 6. Nc3 Nc6 7. d4 cxd4 8. Nxd4 Nxd4 9. Qxd4 d6 10. b3 Ne4 11. Qxe4 Bxc3 12. Bh6 Bxa1 13. Bxf8 Bf6 14. Bh6 Qa5 15. Qe3 Qxa2 16. Bg5 Bxg5 17. Qxg5 Qxe2 18. Qa5 Qe5 19. Qd8+ Kg7 20. h4 h5 21. Rc1 a5 22. Kh2 Qe2 23. Kg1 Qe6 24. Bd5 Qd7 25. Qb6 Ra6 26. Qd4+ e5 27. Qe3 Qe7 28. Ra1 Qc7 29. Qd2 Qc5 30. Bg2 Qb4 31. Qb2 Rb6 32. Qe2 Qxb3 33. Rxa5 Qc3 34. c5 Rb1+ 0-1

[Event "Titled Tuesday intern op 09th May Late"]
[Site "Chess.com INT"]
[Date "2023.05.09"]
[Round "2"]
[White "Bayaca, Sterling"]
[Black "Phillips, Rene"]
[Result "1-0"]
[WhiteElo "2106"]
[BlackElo "1852"]
[PlyCount "81"]
[EventDate "2023.05.09"]
[EventType "swiss (blitz)"]
[EventRounds "11"]
[EventCountry "USA"]
[SourceTitle "CBM 214 Extra"]
[Source "ChessBase"]
[SourceDate "2023.07.31"]
[SourceVersion "1"]
[SourceVersionDate "2023.07.31"]
[SourceQuality "1"]

1. Nf3 d5 2. d4 c6 3. Bf4 Bg4 4. e3 Nd7 5. Nbd2 Ngf6 6. h3 Bh5 7. c4 e6 8. Bd3 Qb6 9. Qc2 Bb4 10. c5 Qa5 11. a3 Bxf3 12. gxf3 Bxd2+ 13. Qxd2 Qxd2+ 14. Kxd2 a6 15. b4 0-0 16. Bd6 Rfe8 17. f4 g6 18. a4 Rec8 19. Be7 Kg7 20. b5 axb5 21. axb5 Re8 22. Bxf6+ Kxf6 23. b6 Ke7 24. Rhb1 Rxa1 25. Rxa1 Rb8 26. Ra7 Kd8 27. h4 h5 28. Kc3 Kc8 29. f3 f5 30. e4 Nf6 31. Kd2 fxe4 32. fxe4 dxe4 33. Bc2 Kd7 34. Ke3 Kc8 35. Bxe4 Nd5+ 36. Kf3 Nf6 37. Bxg6 Kd7 38. Bd3 Ke7 39. Ba6 Nd5 40. Rxb7+ Rxb7 41. Bxb7 1-0

[Event "Titled Tuesday intern op 09th May Late"]
[Site "Chess.com INT"]
[Date "2023.05.09"]
[Round "8"]
[White "Bayaca, Sterling"]
[Black "Vaglio Munoz, Jaime"]
[Result "1-0"]
[WhiteElo "2106"]
[BlackElo "2174"]
[PlyCount "147"]
[EventDate "2023.05.09"]
[EventType "swiss (blitz)"]
[EventRounds "11"]
[EventCountry "USA"]
[SourceTitle "CBM 214 Extra"]
[Source "ChessBase"]
[SourceDate "2023.07.31"]
[SourceVersion "1"]
[SourceVersionDate "2023.07.31"]
[SourceQuality "1"]

1. Nf3 c6 2. d4 b5 3. e4 a6 4. c4 bxc4 5. Bxc4 d5 6. exd5 cxd5 7. Bb3 Bg4 8. Nc3 Bxf3 9. Qxf3 e6 10. 0-0 Nf6 11. Bg5 Be7 12. Bc2 h6 13. Bh4 Nc6 14. Ba4 Rc8 15. Qd3 Qa5 16. a3 0-0 17. b4 Qb6 18. Rfd1 Na7 19. Bc2 g6 20. Na4 Qb5 21. Nc5 a5 22. Qd2 axb4 23. axb4 Nc6 24. Bxf6 Bxf6 25. Nd7 Bxd4 26. Nxf8 Rxf8 27. Ba4 Qb6 28. Rac1 Bxf2+ 29. Qxf2 Qxf2+ 30. Kxf2 Nxb4 31. Rd4 Na6 32. Bb5 Nb8 33. Rc7 Kg7 34. Ra4 Kf6 35. Raa7 Ke5 36. Rab7 Kd6 37. Ra7 f5 38. Rcb7 Kc5 39. Ba4 Rd8 40. Rb5+ Kd6 41. Rb6+ Ke5 42. Rab7 Nc6 43. Rxc6 d4 44. Rbb6 Re8 45. Rc5+ Ke4 46. Bxe8 d3 47. Rxe6+ Kf4 48. Rd6 d2 49. Rxd2 g5 50. Rc4+ Ke5 51. Bc6 g4 52. Rd5+ Kf6 53. Rxf5+ Kxf5 54. Bd7+ Kg5 55. Bxg4 h5 56. Bxh5 Kxh5 57. g3 Kg5 58. Rf4 Kh5 59. Kg2 Kg5 60. h4+ Kh5 61. Kh3 Kg6 62. Rf3 Kh6 63. g4 Kg6 64. Kg3 Kh6 65. Rf5 Kg6 66. Rg5+ Kh6 67. Kf4 Kh7 68. h5 Kh6 69. Rg6+ Kh7 70. Kf5 Kh8 71. Rb6 Kh7 72. Kg5 Kh8 73. Kg6 Kg8 74. Rb8# 1-0

[Event "Titled Tuesday intern op 09th May Late"]
[Site "Chess.com INT"]
[Date "2023.05.09"]
[Round "6"]
[White "Roman, Rodrigo"]
[Black "Bayaca, Sterling"]
[Result "1-0"]
[WhiteElo "2058"]
[BlackElo "2106"]
[PlyCount "123"]
[EventDate "2023.05.09"]
[EventType "swiss (blitz)"]
[EventRounds "11"]
[EventCountry "USA"]
[SourceTitle "CBM 214 Extra"]
[Source "ChessBase"]
[SourceDate "2023.07.31"]
[SourceVersion "1"]
[SourceVersionDate "2023.07.31"]
[SourceQuality "1"]

1. Nf3 Nf6 2. b3 d6 3. d4 Bf5 4. e3 h6 5. c4 Nbd7 6. Nc3 e5 7. dxe5 Nxe5 8. Nd4 Bh7 9. Bb2 Be7 10. Be2 0-0 11. 0-0 a6 12. Nd5 Nxd5 13. cxd5 Bf6 14. Rc1 Rc8 15. f3 Re8 16. e4 c5 17. dxc6 Nxc6 18. Nxc6 Rxc6 19. Bxf6 Rxc1 20. Bxd8 Rxd1 21. Rxd1 Rxd8 22. Bc4 Kf8 23. a4 Ke7 24. a5 f5 25. Bd5 Rd7 26. Rc1 fxe4 27. fxe4 Kf6 28. Kf2 Ke5 29. Ke3 Bf5 30. Rc8 Re7 31. Rf8 Be6 32. Bxe6 Kxe6 33. Kd4 Rc7 34. Rb8 Ke7 35. b4 Ke6 36. g3 Kd7 37. Kd5 Ke7 38. h4 h5 39. Rg8 Kf7 40. Rh8 Rc3 41. Rxh5 Rxg3 42. Kxd6 Rb3 43. Kc5 Re3 44. Rd5 Rxe4 45. Rd7+ Kf6 46. Rxb7 Rxh4 47. Rb6+ Kf5 48. Rxa6 g5 49. Ra8 g4 50. Rf8+ Ke4 51. a6 Rh5+ 52. Kb6 Rg5 53. Rf1 g3 54. Rg1 Rg6+ 55. Ka5 Kd5 56. b5 Rg7 57. b6 Kc6 58. Rc1+ Kd7 59. a7 Rg8 60. Ka6 g2 61. Kb7 Kd6 62. a8Q 1-0

[Event "AUS-ch"]
[Site "Sydney"]
[Date "2020.01.07"]
[Round "6"]
[White "Bayaca, Sterling"]
[Black "Parle, Hughston"]
[Result "1/2-1/2"]
[WhiteElo "1994"]
[BlackElo "2057"]
[PlyCount "128"]
[EventDate "2020.01.02"]
[EventType "swiss"]
[EventRounds "11"]
[EventCountry "AUS"]
[SourceTitle "CBM 194 Extra"]
[Source "ChessBase"]
[SourceDate "2020.03.31"]
[SourceVersion "1"]
[SourceVersionDate "2020.03.31"]
[SourceQuality "1"]

1. c4 Nf6 2. Nc3 g6 3. e4 d6 4. d4 Bg7 5. Nf3 0-0 6. Be2 e5 7. dxe5 dxe5 8. Qxd8 Rxd8 9. Bg5 Re8 10. Nd5 Nxd5 11. cxd5 c6 12. Bc4 cxd5 13. Bxd5 Na6 14. 0-0-0 Nb4 15. Bb3 Be6 16. Bxe6 Rxe6 17. Kb1 b6 18. g4 f6 19. Be3 Bf8 20. h4 Na6 21. h5 Nc5 22. hxg6 hxg6 23. Bxc5 Bxc5 24. Rh6 Rd6 25. Rxg6+ Kh7 26. Rxd6 Kxg6 27. Nxe5+ Kg5 28. f4+ Kxf4 29. Nd3+ Kxe4 30. Nxc5+ bxc5 31. Rxf6 Rg8 32. Ra6 Rxg4 33. Ra4+ Kf5 34. Rxa7 Ke5 35. Rd7 Ke6 36. Rd3 Rg2 37. Kc1 Ke5 38. Rd2 Rg3 39. Kc2 Ke4 40. Rd8 Rh3 41. a4 Ke5 42. a5 Rh4 43. b3 Rh2+ 44. Rd2 Rh7 45. Kc3 Ra7 46. b4 cxb4+ 47. Kxb4 Rb7+ 48. Kc5 Rc7+ 49. Kb6 Rc1 50. Rb2 Rh1 51. a6 Rh6+ 52. Ka5 Rh7 53. Rb7 Rh8 54. Rb4 Rh7 55. Kb6 Rh6+ 56. Ka7 Rh7+ 57. Ka8 Kd5 58. a7 Kc6 59. Rb8 Rg7 60. Rf8 Kb6 61. Rf6+ Kc7 62. Rf8 Kb6 63. Rb8+ Ka6 64. Rb7 Rxb7 1/2-1/2

[Event "Adelaide Lidums op"]
[Site "Adelaide"]
[Date "2019.12.12"]
[Round "8"]
[White "He, Caleb"]
[Black "Bayaca, Sterling"]
[Result "0-1"]
[WhiteElo "1668"]
[BlackElo "1980"]
[PlyCount "72"]
[EventDate "2019.12.07"]
[EventType "swiss"]
[EventRounds "9"]
[EventCountry "AUS"]
[SourceTitle "CBM 193 Extra"]
[Source "ChessBase"]
[SourceDate "2020.01.31"]
[SourceVersion "1"]
[SourceVersionDate "2020.01.31"]
[SourceQuality "1"]

1. c4 c5 2. g3 Nc6 3. Bg2 g6 4. Nf3 Bg7 5. 0-0 e6 6. Nc3 Nge7 7. e3 0-0 8. d4 cxd4 9. Nxd4 a6 10. Nxc6 Nxc6 11. a3 Ne5 12. c5 Qc7 13. b4 d5 14. Qb3 Bd7 15. Ra2 a5 16. e4 d4 17. Ne2 Bb5 18. Bf4 Qd7 19. Bxe5 Bxe5 20. Rd1 Ba4 21. Qb1 Bxd1 22. Qxd1 axb4 23. a4 d3 24. Nc1 Rfd8 25. Nb3 Bc3 26. a5 e5 27. Bf1 Qe6 28. Bxd3 Rxd3 29. Qxd3 Qxb3 30. Ra1 Qe6 31. Rd1 Qa6 32. Qd7 Qc6 33. Qe7 Bd4 34. Rc1 b3 35. Qg5 b2 36. Rb1 Qxe4 0-1

[Event "Adelaide Lidums op"]
[Site "Adelaide"]
[Date "2019.12.08"]
[Round "4"]
[White "He, Paul"]
[Black "Bayaca, Sterling"]
[Result "0-1"]
[WhiteElo "1612"]
[BlackElo "1980"]
[PlyCount "56"]
[EventDate "2019.12.07"]
[EventType "swiss"]
[EventRounds "9"]
[EventCountry "AUS"]
[SourceTitle "CBM 193 Extra"]
[Source "ChessBase"]
[SourceDate "2020.01.31"]
[SourceVersion "1"]
[SourceVersionDate "2020.01.31"]
[SourceQuality "1"]

1. c4 Nf6 2. g3 c5 3. Bg2 Nc6 4. Nf3 e5 5. d3 d5 6. cxd5 Nxd5 7. Nbd2 g6 8. b3 Bg7 9. Bb2 0-0 10. 0-0 b6 11. Nc4 Re8 12. Rc1 Bb7 13. Nfd2 Rc8 14. Ne4 Bf8 15. a4 Ndb4 16. g4 Nd4 17. Nf6+ Qxf6 18. Bxb7 Rcd8 19. Bxd4 Rxd4 20. Ne3 e4 21. Nc2 Nxc2 22. Rxc2 exd3 23. exd3 Red8 24. Rd2 Bd6 25. Ba6 Bxh2+ 26. Kg2 Qh4 27. f3 Bf4 28. Re2 Qh2# 0-1